Gminy w Zagłębiu Dąbrowskim - Statystyki

Ogólne statystyki
  • Ten quiz został rozwiązany 31 razy
  • Średni wynik to 10 z 27
Statystyki odpowiedzi
Odpowiedź % Poprawnych
Będzin
96%
Dąbrowa Górnicza
96%
Sosnowiec
92%
Czeladź
81%
Siewierz
77%
Sławków
62%
Psary
54%
Wojkowice
54%
Olkusz
50%
Łazy
46%
Mierzęcice
46%
Bobrowniki
35%
Ogrodzieniec
35%
Szczekociny
31%
Koziegłowy
27%
Wolbrom
27%
Pilica
23%
Żarki
19%
Ożarowice
15%
Poraj
15%
Bolesław
12%
Klucze
12%
Kroczyce
8%
Irządze
4%
Włodowice
4%
Żarnowiec
4%
Trzyciąż
0%
Nie znaleziono quizów pasujących do podanych kryteriów
Rozkład punktacji
Procent ludzi z każdym wynikiem
Percentyl według liczby udzielonych odpowiedzi
Twoja historia wyników
Nie rozwiązałeś tego quizu